| 000 | 01604aam a2200361 i 4500 | ||
|---|---|---|---|
| 001 | 768714001 | ||
| 003 | CO-MdFUSB | ||
| 005 | 20231118135435.0 | ||
| 007 | ta | ||
| 008 | 231006t19991999-us |||g |||| 00| 0 spa d | ||
| 020 | _a9780884196082 | ||
| 040 |
_aCO-MdFUSB _bspa _cCO-MdFUSB _dCO-MdFUSBC _erda |
||
| 041 |
_aspa _heng |
||
| 082 |
_223 _a248.22 _bB571 |
||
| 100 |
_aBevere, John. _eautor |
||
| 240 | _aThus saith the Lord? | ||
| 245 |
_a¿Así dice el Señor? _c/ John Bevere ; traducido por Liliana G. De Marco |
||
| 250 | _aprimera edición en español | ||
| 264 | 1 |
_aLake Mary, Florida : _bCasa Creación, _c[1999] |
|
| 264 | 4 | _c©1999 | |
| 300 |
_a190 páginas _c; 22 cm |
||
| 336 |
_2rdacontent _atexto _btxt |
||
| 337 |
_2rdamedia _asin mediación _bn |
||
| 338 |
_2rdacarrier _avolumen _bnc |
||
| 504 | _aIncluye índice | ||
| 505 | _aLa necesidad del ministerio profético -- El engaño diseminado -- El ministerio profético verdadero - I-- El ministerio profético verdadero - II -- Corrupción profética -- La profecía personal -- Hablando a los ídolos del corazón -- Corrompido por palabras proféticas -- <Enseñan rebelión a mi pueblo> -- El funcionamiento de Jezabel -- Nombramiento propio o divino -- El aguijón de Jezabel -- El conocimiento de los profetas a través de sus frutos -- El amor por la verdad -- Poner a prueba y manejar la profecía personal. | ||
| 563 | _aRústico | ||
| 650 | 0 |
_951 _aVida espiritual |
|
| 650 | 0 |
_91078 _aRevelación en la Biblia |
|
| 700 |
_98478 _aDe Marco, Liliana G, _etraductor |
||
| 942 | _cBK | ||
| 945 | _asor1564 | ||
| 999 |
_c69120 _d69120 |
||